| 000 | 01304nac a22002531u 4500 | ||
|---|---|---|---|
| 008 | 100907t xxu||||| |||| 00| 0 eng d | ||
| 010 | _a 2005056572 | ||
| 020 | _a0131187678 | ||
| 022 | _a013228913x | ||
| 035 | _a(OCoLC)ocm62282644 | ||
| 082 | 0 | 0 |
_a624.18341 _bLIM |
| 100 |
_aLimbrunner, George F. _918496 |
||
| 245 | 1 | 0 |
_aReinforced Concrete Design / _cGeorge F. Limbrunner, Abi O. Aghayere. |
| 250 | _a6th ed. | ||
| 260 |
_aUpper Saddle River, N.J. : _bPearson Prentice Hall, _c2007. |
||
| 300 |
_axii, 521 p. : _bill. ; _c25 cm. |
||
| 504 | _aIncludes bibliographical references and index. | ||
| 650 | 0 |
_aReinforced concrete. _918497 |
|
| 700 | 1 |
_aAghayere, Abi O. _918498 |
|
| 942 |
_cBB _k624.18341LIM _2ddc |
||
| 999 |
_c2428 _d2428 |
||